000 00934nam a2200253Ia 4500
003 OSt
005 20221005112409.0
006 a|||||r|||| 00| 0
007 ta
008 221004b |||||||| |||| 00| 0 pan d
020 _a9789385609107 (hbk)
_c180
024 _a26407
037 _b987, 17/12/2015, H.K. Prakashan
_cTextual
040 _aCRL
_cCRL
_bpan
041 _2pan
_apan
082 _aY73(P153):351, 153Q5
100 _aਅਕਵਿੰਦਰ ਕੌਰ
245 0 _aਲੋਕ ਜੀਵਨ ਦਾ ਲੋਕ ਪ੍ਰਿਯਾ ਕਥਾ ਰੂਪ
_b ਦੰਦ ਕਥਾਵਾਂ
260 _aਸਮਾਣਾ
_bਨਵਰੰਗ ਪਬਲਿਕੇFਨਗ਼ ਭਾਰਤ
_c2015
300 _a144ਪੰ
_ccm.
650 _aਸਮਾਜ Fਾਸਤਰ
942 _hY73(P153):351, 153Q5
_cTEXL
_2cc
999 _c1024754
_d1024754